Newnes radio amateur and listener's data handbook / (Record no. 157890)

MARC details
000 -LEADER
fixed length control field 00847cam a2200265 a 4500
008 - FIXED-LENGTH DATA ELEMENTS--GENERAL INFORMATION
fixed length control field
020 ## - INTERNATIONAL STANDARD BOOK NUMBER
International Standard Book Number 0750620943 (pbk.)
049 ## - LOCAL HOLDINGS (OCLC)
Holding library MAIN
090 ## - LOCALLY ASSIGNED LC-TYPE CALL NUMBER (OCLC); LOCAL CALL NUMBER (RLIN)
Classification number (OCLC) (R) ; Classification number, CALL (RLIN) (NR) TK9956
Local cutter number (OCLC) ; Book number/undivided call number, CALL (RLIN) MON
003 - CONTROL NUMBER IDENTIFIER
control field
005 - DATE AND TIME OF LATEST TRANSACTION
control field 20230123133957.0
040 ## - CATALOGING SOURCE
Transcribing agency NUST
100 1# - MAIN ENTRY--PERSONAL NAME
Personal name Money, Steve
245 10 - TITLE STATEMENT
Title Newnes radio amateur and listener's data handbook /
Statement of responsibility, etc. Steve Money.
246 30 - VARYING FORM OF TITLE
Title proper/short title Radio amateur and listener's data handbook
246 14 - VARYING FORM OF TITLE
Title proper/short title Newnes radio amateur & listener's data handbook
246 30 - VARYING FORM OF TITLE
Title proper/short title Radio amateur & listener's data handbook
260 ## - PUBLICATION, DISTRIBUTION, ETC.
Place of publication, distribution, etc. Oxford :
Name of publisher, distributor, etc. Newnes,
Date of publication, distribution, etc. 1995.
300 ## - PHYSICAL DESCRIPTION
Extent viii, 317 p. :
Other physical details ill. ;
Dimensions 24 cm.
504 ## - BIBLIOGRAPHY, ETC. NOTE
Bibliography, etc. note Includes bibliographical references.
500 ## - GENERAL NOTE
General note Includes index.
650 #0 - SUBJECT ADDED ENTRY--TOPICAL TERM
Topical term or geographic name entry element Radio
Form subdivision Amateurs' manuals.
907 ## - LOCAL DATA ELEMENT G, LDG (RLIN)
a .b10064230
b 11-03-10
c 17-04-03
942 ## - ADDED ENTRY ELEMENTS (KOHA)
Koha item type Ordinary Loan Books
Call number prefix TK9956
Call number suffix MON
Holdings
Date last seen Total Checkouts Full call number Barcode Cost, replacement price Price effective from Koha item type Lost status Source of classification or shelving scheme Damaged status Not for loan Collection Withdrawn status Home library Current library Shelving location Date acquired Cost, normal purchase price
01/23/2023 2 TK9956 MON 92003019399 80.00 01/23/2023 BOOKS   LCC     NFIC   MAIN MAIN GEN 01/23/2023 80.00